00839nam a2200241Ia 4500003000400000005001700004008004100021020002200062041000800084082002100092100001500113245004700128260003400175300000900209440004200218500007200260650002300332700003800355906000700393942001200400999001700412952016800429OSt20250317105507.0230125s9999 xx 000 0 und d a978-81-8498-448-4 aeng a891.463bCAN/PAT aCanfield J aChicken Soup for the Soul bIndian Mothers c2013bMehta publicationaPune a260p aChicken Soup for the Soul Series Book aChicken Soup for the Soul Series Book;Literature;Marathi Literature aMarathi Literature aCanfield J & Patwardhan V9108367 b54 2ddccBK c85202d85202 00104070aHIMRbHIMRd2013-03-30ePritam Book Centreg270.00i8425l0o891.463 CAN/PAT B12005pHIMR-BK-12005r2023-01-25 00:00:00v216.00w2013-03-19yBKzB12005